000 00318nam a2200109Ia 4500
008 200302s9999 xx 000 0 und d
100 _aTeri
245 _aGriha Manual Vol - 2 Technical Manual for Triners on Sustainable Site Planning
260 _bThe Energy and Resources Institute
260 _c2011
300 _a137 P.,
999 _c2862
_d2862